Normal view MARC view
  • The history of Henry Esmond, esq

Entry Topical Term

Number of records used in: 1

001 - CONTROL NUMBER

  • control field: 112752

003 - CONTROL NUMBER IDENTIFIER

  • control field: NUST

005 - DATE AND TIME OF LATEST TRANSACTION

  • control field: 20230529121713.0

008 - FIXED-LENGTH DATA ELEMENTS

  • fixed length control field: 230529|| aca||aabn | a|a d

040 ## - CATALOGING SOURCE

  • Original cataloging agency: NUST
  • Transcribing agency: NUST

150 ## - HEADING--TOPICAL TERM

  • Topical term or geographic name entry element: The history of Henry Esmond, esq

670 ## - SOURCE DATA FOUND

  • Source citation: Work cat.: (NUST)186286: Jerrold, Walter 112751, The history of Henry Esmond, esq. with introduction, 1928
© 2023 Central Library, National University of Sciences and Technology. All Rights Reserved.